सिंगापुर की जल-कथा: (Record no. 204669)
[ view plain ]
| 000 -LEADER | |
|---|---|
| fixed length control field | 01320nam a22002297a 4500 |
| 005 - DATE AND TIME OF LATEST TRANSACTION | |
| control field | 20240801112726.0 |
| 010 ## - LCCN (DPL NO) | |
| LC control number | HIN-128038 |
| 020 ## - INTERNATIONAL STANDARD BOOK NUMBER | |
| Terms of availability | 535.00 |
| International Standard Book Number | 9788123791135 |
| 035 ## - SYSTEM CONTROL NUMBER | |
| System control number | HN-100384 |
| 037 ## - SOURCE OF ACQUISITION | |
| Source of stock number/acquisition | DBAD |
| 082 ## - DEWEY DECIMAL CLASSIFICATION NUMBER | |
| Classification number | क |
| 100 ## - MAIN ENTRY--PERSONAL NAME | |
| Personal name | तोत्जदा, सिसिलिया |
| 245 ## - TITLE STATEMENT | |
| Title | सिंगापुर की जल-कथा: |
| Statement of responsibility, etc | एक शहरी नगर-राज्य में धारणीय विकास/ |
| Remainder of title | सिसिलिया तोत्जदा, युगल जोशी तथा असित के. बिस्वास; रजनीश कुमार सिन्हा द्वारा अनुवादित |
| 246 ## - VARYING FORM OF TITLE | |
| Title proper/short title | The Singapore Water Story |
| 260 ## - PUBLICATION, DISTRIBUTION, ETC. (IMPRINT) | |
| Place of publication, distribution, etc | नई दिल्ली |
| Name of publisher, distributor, etc | राष्ट्रीय पुस्तक न्यास |
| Date of publication, distribution, etc | 2020 |
| 270 ## - ADDRESS | |
| Address | नेहरु भवन, 5 इंस्टिटयूशनल एरिया, फेज-2, वसंत कुंज |
| City | नई दिल्ली |
| Postal code | 110070 |
| 300 ## - PHYSICAL DESCRIPTION | |
| Extent | 330पृ. |
| Dimensions | 23 सेमी. (अजिल्द) |
| 700 ## - ADDED ENTRY--PERSONAL NAME | |
| Personal name | जोशी, युगल |
| 9 (RLIN) | 69148 |
| 700 ## - ADDED ENTRY--PERSONAL NAME | |
| Personal name | बिस्वास, असित के. |
| 9 (RLIN) | 69149 |
| 700 ## - ADDED ENTRY--PERSONAL NAME | |
| Personal name | सिन्हा, रजनीश कुमार |
| 9 (RLIN) | 69150 |
| 942 ## - ADDED ENTRY ELEMENTS (KOHA) | |
| Source of classification or shelving scheme | Dewey Decimal Classification |
| Item type | Hindi Books |
| Classification part | क |
| Call number suffix | तोत्जदा |
| Withdrawn status | Lost status | Not for loan | Collection code | Home library | Current library | Date acquired | Source of acquisition | Cost, normal purchase price | Full call number | Barcode | Copy number | Cost, replacement price | Koha item type |
|---|---|---|---|---|---|---|---|---|---|---|---|---|---|
| Fiction | Patel Nagar | Patel Nagar | 01/08/2024 | DBAD | 535.00 | क तोत्जदा | HN-100384 | 1 | 535.00 | Hindi Books |
